ბათუმის შოთა რუსთაველის სახელმწიფო უნივერსიტეტის ბიბლიოთეკა

War and diplomacy : (ბიბ.ჩანაწერი № 38500)

000 -LEADER
fixed length control field 00884cam a2200229 a 4500
001 - CONTROL NUMBER
control field 16777514
005 - DATE AND TIME OF LATEST TRANSACTION
control field 20221114123217.0
008 - FIXED-LENGTH DATA ELEMENTS--GENERAL INFORMATION
fixed length control field 110513s2011 enkb b s101 0 eng
020 ## - INTERNATIONAL STANDARD BOOK NUMBER
International Standard Book Number 9781607811503x
041 ## - LANGUAGE CODE
Language code of text/sound track or separate title eng
080 ## - UNIVERSAL DECIMAL CLASSIFICATION NUMBER
Universal Decimal Classification number 94(470+560) W-26
245 00 - TITLE STATEMENT
Title War and diplomacy :
Remainder of title the Russo-Turkish War of 1877-1878 and the Treaty of Berlin /
Statement of responsibility, etc. edited by M. Hakan Yavuz with Peter Sluglett.
264 ## - PRODUCTION, PUBLICATION, DISTRIBUTION, MANUFACTURE, AND COPYRIGHT NOTICE
Place of production, publication, distribution, manufacture Salt Lake City :
Name of producer, publisher, distributor, manufacturer University of Utah Press,
Date of production, publication, distribution, manufacture, or copyright notice c2011.
300 ## - PHYSICAL DESCRIPTION
Extent 610 p. :
Other physical details maps ;
Dimensions 24 cm.
653 ## - INDEX TERM--UNCONTROLLED
keyword რუსულ-თურქული ომი
653 ## - INDEX TERM--UNCONTROLLED
keyword ბერლინის ხელშეკრულება
653 ## - INDEX TERM--UNCONTROLLED
keyword დიპლომატია
653 ## - INDEX TERM--UNCONTROLLED
keyword ისტორია
700 1# - ADDED ENTRY--PERSONAL NAME
Personal name Yavuz, M. Hakan.
9 (RLIN) 4896
Relator term რედაქტორი
700 1# - ADDED ENTRY--PERSONAL NAME
Personal name Sluglett, Peter.
9 (RLIN) 4897
Relator term რედაქტორი
942 ## - ADDED ENTRY ELEMENTS (KOHA)
Source of classification or shelving scheme
Koha item type წიგნი
ეგზემპლარები
Withdrawn status Lost status Source of classification or shelving scheme Damaged status Not for loan Permanent Location Current Location Shelving location Date acquired Full call number Barcode Date last seen Copy number Price effective from Koha item type Public note
          ბათუმის შოთა რუსთაველის სახელმწიფო უნივერსიტეტის მთავარი ბიბლიოთეკა ბათუმის შოთა რუსთაველის სახელმწიფო უნივერსიტეტის მთავარი ბიბლიოთეკა წიგნსაცავი 2018-12-17 94(470+560) W-26 6153 2018-12-17 6153 2018-12-17 წიგნი